Datum a čas kvízu
27
Celkem bodů
Celkový počet nahraných bodů na tomto kvízu bez doplňovacích otázek.
6.
Pořadí na kvízu
Konečné umístění týmu na tomto kvízu.
Zaznamenané odpovědi
| # | Otázka | Odpověď | Body | Výsledky |
|---|---|---|---|---|
| 1. | Mobilní aplikace Tečka prošla... | v modré | 1 | |
| 2. | Zaměstnanci jednoho německého... | Volkswagen | 1 | |
| 3. | Jako vlajkovou loď svého progr... | Pan profesor | 1 | |
| 4. | Elektrokola jsou v současnosti... | Harley-Davidson | 1 | |
| 5. | V sobotu odstartovala poslední... | ve Španělsku | 1 | |
| 6. | V následujících otázkách se po... | lilek | 0 | |
| 7. | Jak se jmenuje italský dezert... | affogato | 0 | |
| 8. | Obě nejzákladnější pizzy, tedy... | Neapol | 1 | |
| 9. | Na severu Itálie se v kuchyni... | polenta | 1 | |
| 10. | Uveďte název pečiva, které vid... | focaccia | 1 |